| 000 | 00396nam a22001697a 4500 | ||
|---|---|---|---|
| 005 | 20160618125905.0 | ||
| 008 | 160618b xxu||||| |||| 00| 0 eng d | ||
| 020 | _a978-0-07-463558-2 | ||
| 041 | _aeng | ||
| 082 | _b8146 | ||
| 100 |
_aCurtun, Dennis P and Others _92219 |
||
| 245 | _aInformation technology | ||
| 260 |
_bTMH _c2010 |
||
| 300 | _a295 | ||
| 650 |
_aManagement _9241 |
||
| 942 | _cBK | ||
| 999 |
_c3105 _d3104 |
||